00568nam a22002057a 4500003000500000005001700005008004100022010001100063011001100074020001500085035001100100040000900111082001600120100001900136245008500155260004700240300002500287650003100312700001900343CHAP20220329143849.0120327s1970 us r 00010 eng d a102953 a103925 a1932846123 a114614 cCHAP00a575.1aC88y00aCrow, James F.13aAn introduction to population genetics theoryc/por James F. Crow y Motoo Kimura aNew Jersey, E.U.A. :bThe Blackburn,c1970 axiv, 591 p. :bilus.04aGenética de población.1 aKimura, Motoo.